000 00687nam a22002297a 4500
003 UA-OsUOA
001 39895
007 ta
008 20060704b un ||||| |||| 00| 0 ukr d
100 _aИениш Е.В.
090 _a011
_bИ30
942 _cBK
040 _aUA-OsUOA
_brus
_cUA-OsUOA
_dUA-OsUOA
245 _aБиблиографический поиск в научной работе. Справочное пособие-путеводитель.
300 _a347 с.
955 _a1
041 _arus
080 _a011
260 _aМ.
_bКнига
_c1982
650 7 _a01 Бібліографія і бібліографії. Каталоги
_2UDC
999 _c326044
_d326044